UNESCO sourcebook for science in the primary school : (Record no. 6292)
[ view plain ]
| 000 -LEADER | |
|---|---|
| fixed length control field | 00560cam a2200205ua 4500 |
| 008 - FIXED-LENGTH DATA ELEMENTS--GENERAL INFORMATION | |
| fixed length control field | 141127n ii |||gr||||Z||||||eng |
| 020 ## - INTERNATIONAL STANDARD BOOK NUMBER | |
| International Standard Book Number | 9788123722078 |
| 040 ## - CATALOGING SOURCE | |
| Transcribing agency | MAIN |
| 041 ## - LANGUAGE CODE | |
| -- | eng |
| 082 ## - DEWEY DECIMAL CLASSIFICATION NUMBER | |
| Classification number | 371 |
| 100 ## - MAIN ENTRY--PERSONAL NAME | |
| Personal name | Harlen,W., |
| Relator term | |
| 245 ## - TITLE STATEMENT | |
| Title | UNESCO sourcebook for science in the primary school : |
| Remainder of title | Workshop approach to teacher education / |
| Statement of responsibility, etc. | By Wynne Harlen . |
| 250 ## - EDITION STATEMENT | |
| Edition statement | 1st. |
| 260 ## - PUBLICATION, DISTRIBUTION, ETC. | |
| Place of publication, distribution, etc. | New Delhi: |
| Name of publisher, distributor, etc. | National, |
| Date of publication, distribution, etc. | 2010. |
| 300 ## - PHYSICAL DESCRIPTION | |
| Extent | 271p. |
| 700 ## - ADDED ENTRY--PERSONAL NAME | |
| Personal name | Elstgeest,J., |
| Relator term | |
| 942 ## - ADDED ENTRY ELEMENTS (KOHA) | |
| Koha item type | Books |
| 653 ## - INDEX TERM--UNCONTROLLED | |
| Uncontrolled term | Primary schools |
| Withdrawn status | Lost status | Damaged status | Not for loan | Home library | Current library | Shelving location | Date acquired | Total Checkouts | Full call number | Barcode | Date last seen | Copy number | Price effective from | Koha item type |
|---|---|---|---|---|---|---|---|---|---|---|---|---|---|---|
| Central Library, Naharkatiya College | Central Library, Naharkatiya College | General Stacks | 19/09/2020 | 371.0454 | HAR | 21619 | 19/09/2020 | 3 | 19/09/2020 | Books | |||||
| Central Library, Naharkatiya College | Central Library, Naharkatiya College | General Stacks | 19/09/2020 | 371.0454 | HAR | 21632 | 19/09/2020 | 2 | 19/09/2020 | Books | |||||
| Central Library, Naharkatiya College | Central Library, Naharkatiya College | General Stacks | 19/09/2020 | 371.0454 | HAR | 21633 | 19/09/2020 | 1 | 19/09/2020 | Books |
